| 000 -LEADER |
| fixed length control field |
02360cam a2200409 a 4500 |
| 001 - CONTROL NUMBER |
| control field |
14419793 |
| 003 - CONTROL NUMBER IDENTIFIER |
| control field |
OSt |
| 005 - DATE AND TIME OF LATEST TRANSACTION |
| control field |
20180116192415.0 |
| 008 - FIXED-LENGTH DATA ELEMENTS--GENERAL INFORMATION |
| fixed length control field |
060619s2007 maua b 001 0 eng |
| 010 ## - LIBRARY OF CONGRESS CONTROL NUMBER |
| LC control number |
2006020376 |
| 020 ## - INTERNATIONAL STANDARD BOOK NUMBER |
| International Standard Book Number |
1405132345 (hbk. : alk. paper) |
| 020 ## - INTERNATIONAL STANDARD BOOK NUMBER |
| International Standard Book Number |
9781405132343 (hbk. : alk. paper) |
| 020 ## - INTERNATIONAL STANDARD BOOK NUMBER |
| International Standard Book Number |
1405132353 (pbk. : alk. paper) |
| 020 ## - INTERNATIONAL STANDARD BOOK NUMBER |
| International Standard Book Number |
9781405132350 (pbk. : alk. paper) |
| 035 ## - SYSTEM CONTROL NUMBER |
| System control number |
(OCoLC)ocm70176845 |
| 035 ## - SYSTEM CONTROL NUMBER |
| System control number |
(OCoLC)70176845 |
| 040 ## - CATALOGING SOURCE |
| Original cataloging agency |
DLC |
| Transcribing agency |
DLC |
| Modifying agency |
BAKER |
| -- |
BTCTA |
| -- |
BWKUK |
| -- |
YDXCP |
| -- |
NLGGC |
| -- |
DLC |
| 050 00 - LIBRARY OF CONGRESS CALL NUMBER |
| Classification number |
N8217.I27 |
| Item number |
M38 2007 |
| 082 00 - DEWEY DECIMAL CLASSIFICATION NUMBER |
| Classification number |
701 |
| Edition number |
22 |
| 084 ## - OTHER CLASSIFICATION NUMBER |
| Classification number |
73.85 |
| Number source |
bcl |
| 245 00 - TITLE STATEMENT |
| Title |
Material identities / |
| Statement of responsibility, etc. |
edited by Joanna Sofaer. |
| 260 ## - PUBLICATION, DISTRIBUTION, ETC. |
| Place of publication, distribution, etc. |
Malden, MA ; |
| -- |
Oxford : |
| Name of publisher, distributor, etc. |
Blackwell Pub., |
| Date of publication, distribution, etc. |
2007. |
| 300 ## - PHYSICAL DESCRIPTION |
| Extent |
xi, 172 p. : |
| Other physical details |
ill. ; |
| Dimensions |
24 cm. |
| 440 #0 - SERIES STATEMENT/ADDED ENTRY--TITLE |
| Title |
New interventions in art history |
| 9 (RLIN) |
6482 |
| 504 ## - BIBLIOGRAPHY, ETC. NOTE |
| Bibliography, etc. note |
Includes bibliographical references (p. [152]-162) and index. |
| 505 0# - FORMATTED CONTENTS NOTE |
| Formatted contents note |
Introduction : materiality and identity / Joanna Sofaer -- Mai/Omai in London and the South Pacific : performativity, cultural entanglement and indigenous appropriation / Jocelyn Hackforth-Jones -- Projecting identities in the Greek symposion / Robin Osborne -- Bernini struts / Michael Cole -- Architectural style and identity in Egypt / Doris Behrens-Abouseif -- Identifying the body : representing self, art, ornamentation and the body in later prehistoric Europe / Fay Stevens -- Aristocratic identity : Regency furniture and the Egyptian Revival style / Abigail Harrison-Moore -- Architecture, power and politics : the forum-basilica in Roman Britain / Louise Revell. |
| 650 #0 - SUBJECT ADDED ENTRY--TOPICAL TERM |
| Topical term or geographic name entry element |
Identity (Psychology) in art. |
| 9 (RLIN) |
6483 |
| 650 #0 - SUBJECT ADDED ENTRY--TOPICAL TERM |
| Topical term or geographic name entry element |
Material culture. |
| 9 (RLIN) |
6484 |
| 700 1# - ADDED ENTRY--PERSONAL NAME |
| Personal name |
Sofaer, Joanna R. |
| 9 (RLIN) |
6481 |
| 856 41 - ELECTRONIC LOCATION AND ACCESS |
| Materials specified |
Table of contents only |
| Uniform Resource Identifier |
<a href="http://www.loc.gov/catdir/toc/ecip0616/2006020376.html">http://www.loc.gov/catdir/toc/ecip0616/2006020376.html</a> |
| 856 42 - ELECTRONIC LOCATION AND ACCESS |
| Materials specified |
Contributor biographical information |
| Uniform Resource Identifier |
<a href="http://www.loc.gov/catdir/enhancements/fy0802/2006020376-b.html">http://www.loc.gov/catdir/enhancements/fy0802/2006020376-b.html</a> |
| 856 42 - ELECTRONIC LOCATION AND ACCESS |
| Materials specified |
Publisher description |
| Uniform Resource Identifier |
<a href="http://www.loc.gov/catdir/enhancements/fy0802/2006020376-d.html">http://www.loc.gov/catdir/enhancements/fy0802/2006020376-d.html</a> |
| 906 ## - LOCAL DATA ELEMENT F, LDF (RLIN) |
| a |
7 |
| b |
cbc |
| c |
orignew |
| d |
1 |
| e |
ecip |
| f |
20 |
| g |
y-gencatlg |
| 942 ## - ADDED ENTRY ELEMENTS (KOHA) |
| Source of classification or shelving scheme |
|
| Koha item type |
Book |